| 000 | 00408nam a2200169Ia 4500 | ||
|---|---|---|---|
| 008 | 220531s9999 xx 000 0 und d | ||
| 041 | _aeng | ||
| 082 | _bPOW | ||
| 100 |
_aPowers,charles. _956861 |
||
| 245 | _aMaking Senase Of Social Theory. | ||
| 260 |
_aPune _bRawat _c2010 |
||
| 300 | _a280 | ||
| 542 | _d04-02-2012 | ||
| 650 |
_aSociology _956862 |
||
| 906 | _d2011-2012 | ||
| 999 |
_c32743 _d32743 |
||